The world in books : 52 works of great short ... Read More
Available copies
- 2 of 2 copies available at LARL/NWRL Consortium. (Show)
- 2 of 2 copies available at Lake Agassiz Regional Library.
Current holds
0 current holds with 2 total copies.
Show Only Available Copies
| Location | Call Number / Copy Notes | Barcode | Shelving Location | Status | Due Date |
|---|---|---|---|---|---|
| Ada Public Library | 028 DAV (Text) | 33500014079941 | Main | Available | - |
| Breckenridge Public Library | 028 DAV (Text) | 33500014079933 | Main | Available | - |
Record details
- ISBN: 9781668015599
- ISBN: 1668015595
- ISBN: 9781668015605
- ISBN: 1668015609
- Physical Description: xxvi, 431 pages : illustrations ; 24 cm
- Edition: First Scribner hardcover edition.
- Publisher: New York : Scribner, 2024.
Content descriptions
| Bibliography, etc. Note: | Includes bibliographical references. |
| Summary, etc.: | "From ancient times to the present day, The World ... Read More |
Search for related items by subject
| Subject: | Best books. Books and reading. |
| LDR | 02199cam a22004578i 4500 | ||
|---|---|---|---|
| 001 | 447311 | ||
| 003 | LARL_NWRL_CONSORTIUM | ||
| 005 | 20241022153855.0 | ||
| 008 | 240620s2024 nyua b 000 0 eng | ||
| 010 | . | ‡a 2024016232 | |
| 040 | . | ‡aDLC ‡beng ‡erda ‡cDLC ‡dOCLCO ‡dTOH ‡dSFR | |
| 020 | . | ‡a9781668015599 ‡q(hardcover) | |
| 020 | . | ‡a1668015595 | |
| 020 | . | ‡a9781668015605 ‡q(trade paperback) | |
| 020 | . | ‡a1668015609 | |
| 020 | . | ‡z9781668015612 ‡q(ebook) | |
| 035 | . | ‡a(OCoLC)1420429358 | |
| 042 | . | ‡apcc | |
| 082 | 0 | 0. | ‡a028 ‡223/eng/20240624 |
| 100 | 1 | . | ‡aDavis, Kenneth C., ‡eauthor. ‡0(LARL_NWRL_CONSORTIUM)77675 |
| 245 | 1 | 4. | ‡aThe world in books : ‡b52 works of great short nonfiction / ‡cKenneth C. Davis. |
| 250 | . | ‡aFirst Scribner hardcover edition. | |
| 264 | 1. | ‡aNew York : ‡bScribner, ‡c2024. | |
| 300 | . | ‡axxvi, 431 pages : ‡billustrations ; ‡c24 cm | |
| 336 | . | ‡atext ‡btxt ‡2rdacontent | |
| 337 | . | ‡aunmediated ‡bn ‡2rdamedia | |
| 338 | . | ‡avolume ‡bnc ‡2rdacarrier | |
| 504 | . | ‡aIncludes bibliographical references. | |
| 520 | . | ‡a"From ancient times to the present day, The World in Books offers a wide-ranging historical education through pleasure reading-and a fantastic introduction to some of the most thought-provoking, profound, and interesting nonfiction works of all time. From Sun Tzu's The Art of War to bell hooks's All About Love, as well as such recent classics as Barbara Ehrenreich's Nickel and Dimed and Chimamanda Ngozi Adichie's We Should All Be Feminists, Davis's guide suggests a world of nonfiction books and explains just why they're so historically meaningful and culturally relevant today"-- ‡cProvided by publisher. | |
| 650 | 0. | ‡aBest books. ‡0(LARL_NWRL_CONSORTIUM)14934 | |
| 650 | 0. | ‡aBooks and reading. ‡0(LARL_NWRL_CONSORTIUM)15264 | |
| 776 | 0 | 8. | ‡iOnline version: ‡aDavis, Kenneth C. ‡tWorld in books. ‡bFirst Scribner hardcover edition ‡dNew York : Scribner, 2024 ‡z9781668015612 ‡w(DLC) 2024016233 |
| 905 | . | ‡uvanderl | |
| 901 | . | ‡a447311 ‡bAUTOGEN ‡c447311 ‡tbiblio ‡soclc | |

Add to basket
Permalink
Disable Highlighting